| 000 | 01670nam a2200301Ia 4500 | ||
|---|---|---|---|
| 999 |
_c49562 _d49562 |
||
| 001 | 16494 | ||
| 003 | GE_BSU | ||
| 005 | 20230301113753.0 | ||
| 008 | 181216s ||||ge |||||||||||||| ||geo|| | ||
| 020 | _aISBN 978-9941-437-41-0 | ||
| 040 | _cGE_BSU | ||
| 041 | _ageo | ||
| 080 | _a821.124-31+821.124.03=353.1 პ-33 | ||
| 100 |
_aპეტრონიუს , არბიტერი _917086 |
||
| 245 |
_aსატირიკონი = Satyricon / _cარბიტერი პეტრონიუს ; ლათ. თარგმნა, შესავ. და კომენტ. დაურთო გიორგი ქაჯაიამ ; რედ. ნანა ტონია. |
||
| 264 |
_aთბილისი : _bლოგოსი, _c2012. |
||
| 300 |
_a184 გვ. ; _c20 სმ. |
||
| 490 | _aპროგრამა "ლოგოსი" | ||
| 500 | _aგარეკანზე ავტორი პეტრონიუსი | ||
| 500 | _aპუბლიკაციები და ღონისძიებები კლასიკური ფილოლოგიის, ბიზანტინისტიკისა და ნეოგრეცისტიკის სფეროში) | ||
| 501 | _aგანმარტებები: გვ. 177-183. | ||
| 541 | _h6ლ. | ||
| 546 | _aპარალელური თავფურცელი ლათინურ ენაზე | ||
| 653 | _aბიზანტიური ლიტერატურა | ||
| 653 | _aსატირიკონი | ||
| 700 |
_aტონია, ნანა _eრედაქტორი _917087 |
||
| 942 |
_cBK _2udc |
||